|
|
|
|
| LEADER |
00000nam a2200000 a 4500 |
| 001 |
vtls001371490 |
| 003 |
SK-MaSNL |
| 005 |
20260331203935.0 |
| 008 |
251113s1999 xo aap r 1yy0 slo |
| 015 |
|
|
|a SNBA1999/11-04125
|
| 020 |
|
|
|a 8088774438
|
| 035 |
|
|
|a SNK000325303
|
| 035 |
|
|
|a urn:nbn:sk:snk-amkjz7
|
| 035 |
|
|
|a urn:nbn:sk:snk-am003ajp
|
| 035 |
|
|
|a FFD50F34-1100-451D-A62F-32862CD2A46B
|
| 040 |
|
|
|a SNK
|b slo
|c SNK
|e AACR2
|
| 041 |
0 |
|
|a slo
|
| 044 |
|
|
|a xo
|c SK
|
| 080 |
|
|
|a 598.2:591.5
|2 1981
|
| 100 |
1 |
|
|a Trnka, Alfréd,
|d 1965-
|4 fot
|9 120177
|
| 245 |
1 |
0 |
|a Vtáky rybníkov severozápadnej časti Podunajskej nížiny
|n 1. časť
|c Alfréd Trnka
|
| 260 |
|
|
|a Trnava
|b Trnavská univerzita
|c 1999
|
| 300 |
|
|
|a 95 s., [6]s. fotogr. príl.
|b fotogr., sch., tab.
|c 24 cm
|
| 490 |
1 |
|
|a Vedecká literatúra
|
| 504 |
|
|
|a Bibliogr. s. 90-94. Reg. Res. sngl.
|
| 650 |
0 |
7 |
|a vtáky
|2 SNKPH
|9 2762
|
| 650 |
0 |
7 |
|a rybníky
|2 SNKPH
|9 17016
|
| 651 |
|
7 |
|a Podunajská nížina (Slovensko)
|2 SNKPHgeo
|9 23006
|
| 655 |
|
7 |
|a príručky
|2 SNKPH
|9 74364
|
| 830 |
|
0 |
|a Vedecká literatúra
|9 460199
|
| 919 |
|
|
|a 80-88774-43-8
|
| 958 |
|
|
|a TL
|
| 958 |
|
|
|a NB
|
| 999 |
|
|
|c 721813
|d 723743
|
| 952 |
|
|
|t P60, <03>, [BOOK], {603}
|a SNK
|b SNK
|y PREZ
|7 0
|p 17A0208229
|o snkSC 99514/1
|i snkKSP 8788/99
|0 0
|1 0
|4 0
|d 1999-09-06
|f 1
|l 0
|r 2025-09-19 00:00:00
|w 2026-02-23
|
| 952 |
|
|
|t P60, <04>, [BOOK], {604}
|a SNK
|b SNK
|y VYP
|7 0
|p 17A0208230
|o snkSC 99514/1 D1
|i snkKSP 8789/99
|0 0
|1 0
|4 0
|d 1999-09-06
|l 0
|r 2005-01-02 00:00:00
|w 2026-02-23
|